<?xml version="1.0" encoding="UTF-8"?>
<record
    xmlns:xsi="http://www.w3.org/2001/XMLSchema-instance"
    xsi:schemaLocation="http://www.loc.gov/MARC21/slim http://www.loc.gov/standards/marcxml/schema/MARC21slim.xsd"
    xmlns="http://www.loc.gov/MARC21/slim">

  <leader>01201na  a2200301   4500</leader>
  <datafield tag="952" ind1=" " ind2=" ">
    <subfield code="a">0002</subfield>
    <subfield code="b">0002</subfield>
    <subfield code="d">2019-07-17</subfield>
    <subfield code="l">0</subfield>
    <subfield code="o">324.2372092 C36c 2016</subfield>
    <subfield code="p">P00549</subfield>
    <subfield code="r">2019-07-17 00:00:00</subfield>
    <subfield code="t">c.1</subfield>
    <subfield code="w">2019-07-17</subfield>
    <subfield code="y">BKS</subfield>
  </datafield>
  <datafield tag="952" ind1=" " ind2=" ">
    <subfield code="a">0002</subfield>
    <subfield code="b">0002</subfield>
    <subfield code="d">2019-07-17</subfield>
    <subfield code="l">0</subfield>
    <subfield code="o">324.2372092 C36c 2016</subfield>
    <subfield code="p">P00550</subfield>
    <subfield code="r">2019-07-17 00:00:00</subfield>
    <subfield code="t">c.2</subfield>
    <subfield code="w">2019-07-17</subfield>
    <subfield code="y">BKS</subfield>
  </datafield>
  <datafield tag="952" ind1=" " ind2=" ">
    <subfield code="a">0002</subfield>
    <subfield code="b">0002</subfield>
    <subfield code="d">2019-07-17</subfield>
    <subfield code="l">0</subfield>
    <subfield code="o">324.2372092 C36c 2016</subfield>
    <subfield code="p">P00551</subfield>
    <subfield code="r">2019-07-17 00:00:00</subfield>
    <subfield code="t">c.3</subfield>
    <subfield code="w">2019-07-17</subfield>
    <subfield code="y">BKS</subfield>
  </datafield>
  <datafield tag="999" ind1=" " ind2=" ">
    <subfield code="c">13412</subfield>
    <subfield code="d">13412</subfield>
  </datafield>
  <controlfield tag="001">18089</controlfield>
  <controlfield tag="003">MIRAKIL</controlfield>
  <controlfield tag="005">20190717114959.0</controlfield>
  <controlfield tag="008">170131b        tu            000 0      </controlfield>
  <datafield tag="035" ind1=" " ind2=" ">
    <subfield code="a">18089</subfield>
  </datafield>
  <datafield tag="040" ind1=" " ind2=" ">
    <subfield code="a">Milas</subfield>
    <subfield code="b">tur</subfield>
    <subfield code="c">TR-AnCHP</subfield>
  </datafield>
  <datafield tag="041" ind1=" " ind2=" ">
    <subfield code="a">tur</subfield>
  </datafield>
  <datafield tag="082" ind1=" " ind2=" ">
    <subfield code="a">324.2372092</subfield>
    <subfield code="b">C36c 2016</subfield>
  </datafield>
  <datafield tag="090" ind1=" " ind2=" ">
    <subfield code="a">324.2372092 C36c 2016</subfield>
  </datafield>
  <datafield tag="110" ind1=" " ind2=" ">
    <subfield code="a">Cumhuriyet Halk Partisi (CHP)</subfield>
  </datafield>
  <datafield tag="245" ind1=" " ind2=" ">
    <subfield code="a">CHP Genel Ba&#x15F;kan Yard&#x131;mc&#x131;s&#x131; ve Parti S&#xF6;zc&#xFC;s&#xFC; Halk Ko&#xE7;'un 2012-2016 konu&#x15F;malar&#x131;</subfield>
    <subfield code="c">[derleyen] CHP</subfield>
  </datafield>
  <datafield tag="260" ind1=" " ind2=" ">
    <subfield code="a">Ankara</subfield>
    <subfield code="b">CHP</subfield>
    <subfield code="c">2016</subfield>
  </datafield>
  <datafield tag="300" ind1=" " ind2=" ">
    <subfield code="a">3 c.</subfield>
    <subfield code="c">24 cm.</subfield>
  </datafield>
  <datafield tag="440" ind1=" " ind2=" ">
    <subfield code="a">Cumhuriyet Halk Partisi yay&#x131;nlar&#x131;</subfield>
  </datafield>
  <datafield tag="505" ind1=" " ind2=" ">
    <subfield code="a">c.1: 31 Temmuz-25 Aral&#x131;k 2012 ve 02 Ocak-11 Eyl&#xFC;l 2013 - C.2: 19 Eyl&#xFC;l- 26 Aral&#x131;k 2013 ve 08 Ocak-05 Kas&#x131;m 2014. - c.3: 12 Kas&#x131;m - 30 Aral&#x131;k 2014 - 07 Ocak-30 Aral&#x131;k 2015 ve 06 Ocak-17 Kas&#x131;m 2016 </subfield>
  </datafield>
  <datafield tag="600" ind1=" " ind2=" ">
    <subfield code="a">Ko&#xE7;, Haluk</subfield>
    <subfield code="c">CHP parti s&#xF6;zc&#xFC;s&#xFC;</subfield>
    <subfield code="x">Siyasal ve sosyal g&#xF6;r&#xFC;&#x15F;ler</subfield>
    <subfield code="y">Konu&#x15F;malar</subfield>
    <subfield code="y">Bas&#x131;n a&#xE7;&#x131;klamalar&#x131;</subfield>
  </datafield>
  <datafield tag="610" ind1=" " ind2=" ">
    <subfield code="a">CHP Parti s&#xF6;zc&#xFC;leri</subfield>
    <subfield code="x">Konu&#x15F;malar</subfield>
    <subfield code="y">2012-2016</subfield>
  </datafield>
  <datafield tag="650" ind1=" " ind2=" ">
    <subfield code="a">CHP</subfield>
    <subfield code="x">Bas&#x131;n a&#xE7;&#x131;klamalar&#x131;</subfield>
    <subfield code="y">2012-2016</subfield>
  </datafield>
  <datafield tag="651" ind1=" " ind2=" ">
    <subfield code="a">T&#xFC;rkiye</subfield>
    <subfield code="x">Siyaset ve y&#xF6;netim</subfield>
    <subfield code="y">2002-</subfield>
  </datafield>
  <datafield tag="830" ind1=" " ind2=" ">
    <subfield code="a">CHP yay&#x131;nlar&#x131;</subfield>
  </datafield>
  <datafield tag="942" ind1=" " ind2=" ">
    <subfield code="c">BKS</subfield>
    <subfield code="2">ddc</subfield>
  </datafield>
  <datafield tag="999" ind1=" " ind2=" ">
    <subfield code="d">8563</subfield>
  </datafield>
</record>
